|
|
|
|
| LEADER |
00655nam a2200253 a 4500 |
| 001 |
adlib96000001 |
| 003 |
ViArRB |
| 005 |
20151026130802.0 |
| 008 |
960221s1955 dcuabcdjdbkoqu001 0deng d |
| 020 |
|
|
|
| 022 |
|
|
|
| 040 |
|
|
|a Adlib
|
| 082 |
|
|
|a 621.3.001.73
|
| 245 |
|
|
|a Introduction to linear system theory
|
| 250 |
|
|
|
| 260 |
|
|
|a New York
|b Holt
|c Rinehart, 1970
|
| 300 |
|
|
|a xvi, 431p.
|
| 500 |
|
|
|a
|
| 100 |
|
|
|a Chen, Chi Tsong
|
| 700 |
|
|
|
| 942 |
|
|
|c BK
|6 _
|
| 653 |
|
|
|a Linear system theory
|
| 999 |
|
|
|c 13129
|d 13129
|
| 952 |
|
|
|0 0
|1 0
|4 0
|6 621300173_CHE
|7 0
|9 24592
|a UL
|b UL
|d 2010-06-16
|o 621.3.001.73 CHE
|p 00005372
|r 2010-06-16
|w 2010-06-16
|y BK
|